000 00647cam a2200229 4500
001 J1143
008 090401t1992 xxu||||| |||| 00| 0 eng d
035 _a(Sirsi) u42006
041 _aeng
050 _a711.10212
110 _aUnited Kingdom
_bDepartment of the Environment
_9982
245 _aDevelopment control statistics: England 1990/91
260 _aLondon
_bDepartment of the Environment
_c1992
300 _aiv,66p. : ill.,maps ; 30cm.
350 _a5
650 _aDEVELOPMENT CONTROL
650 _aPLANNING APPEALS
650 _aPLANNING DECISIONS
690 _aPLANNING LAW AND PRACTICE
942 _n0
948 _c04/03/1997
999 _c91013
_d91013